The concise AACR2

Salvato in:
Dettagli Bibliografici
Autore principale: Gorman, Michael
Natura: Libro
Lingua:Undetermined
Pubblicazione: Chicago American Library Association 1981
Soggetti:
Tags: Aggiungi Tag
Nessun Tag, puoi essere il primo ad aggiungerne! !
Thư viện lưu trữ: Trung tâm Học liệu Trường Đại học Cần Thơ
LEADER 00454nam a2200169Ia 4500
001 CTU_52704
008 210402s9999 xx 000 0 und d
082 |a 025.32 
082 |b G671 
100 |a Gorman, Michael 
245 4 |a The concise AACR2 
245 0 |c Michael Gorman 
260 |a Chicago 
260 |b American Library Association 
260 |c 1981 
650 |a Descriptive catologing 
980 |a Trung tâm Học liệu Trường Đại học Cần Thơ